| 000 | 00945 am a22002898a 4500 | ||
|---|---|---|---|
| 001 | 007719533 | ||
| 003 | EG-ScBUE | ||
| 005 | 20230306031226.0 | ||
| 008 | 970819s1998 enk f 000 0 eng d | ||
| 020 | _a9780749305796 | ||
| 040 |
_aStDuBDS _beng _erda _cEG-ScBUE _dUk _dEG-ScBUE |
||
| 082 | 0 | 4 |
_a808.51 _222 _bCAR |
| 100 | 1 |
_aCarnegie, Dale, _eauthor. |
|
| 245 | 1 | 0 |
_aHow to develop self-confidence and influence people by public speaking / _cDale Carnegie ; selected and condensed by Dorothy Carnegie. |
| 264 | 1 |
_aLondon : _bVermilion, _c1998. |
|
| 300 |
_a256 pages ; _c20 cm |
||
| 336 |
_atext _2rdacontent _btxt |
||
| 337 |
_aunmediated _2rdamedia _bn |
||
| 338 |
_avolume _2rdacarrier _bnc |
||
| 650 | 7 |
_aPublic speaking. _2BUEsh |
|
| 650 | 7 |
_aSelf-confidence. _2BUEsh |
|
| 650 | 7 |
_aSelf-actualization (Psychology) _2BUEsh |
|
| 653 |
_bHHUUPPSS _cMarch2023 |
||
| 655 | _vReading book | ||
| 942 |
_2ddc _cBB |
||
| 999 |
_c30202 _d30173 |
||